[Event "NED-ch U16"]
[Site "Almelo"]
[Date "2023.05.06"]
[Round "7"]
[White "Van Egmond, Tom"]
[Black "Van Arendonk, Polle"]
[Result "0-1"]
[WhiteElo "1767"]
[BlackElo "1772"]
[PlyCount "78"]
[EventDate "2023.04.30"]
[EventType "swiss"]
[EventRounds "7"]
[EventCountry "NED"]
[SourceTitle "CBM 214 Extra"]
[Source "ChessBase"]
[SourceDate "2023.07.31"]
[SourceVersion "1"]
[SourceVersionDate "2023.07.31"]
[SourceQuality "1"]

1. d4 Nf6 2. c4 g6 3. h4 c5 4. d5 d6 5. Nc3 e6 6. e4 exd5 7. cxd5 Qe7 8. Qc2 Nbd7 9. Be2 a6 10. a4 b6 11. Nf3 Bg7 12. Nd2 Rb8 13. f4 h5 14. Nc4 Ng4 15. Bxg4 hxg4 16. g3 Bxc3+ 17. bxc3 Nf6 18. Kf2 0-0 19. Re1 Re8 20. e5 dxe5 21. Rxe5 Qd7 22. Rxe8+ Qxe8 23. Nd6 Qe7 24. Nxc8 Rxc8 25. c4 Re8 26. Ra2 Qe1+ 27. Kg2 Ne4 28. Qd3 Qxc1 29. Re2 Nd6 30. Rxe8+ Nxe8 31. d6 Nxd6 32. Qxd6 Qxc4 33. Qd8+ Kg7 34. Qe7 Qe6 35. Qd8 Qe4+ 36. Kh2 Qe2+ 37. Kg1 Qf3 38. Qc7 Qxg3+ 39. Kf1 Qf3+ 0-1

[Event "NED-ch U16"]
[Site "Almelo"]
[Date "2022.05.03"]
[Round "3"]
[White "Van Egmond, Tom"]
[Black "Groen, Jari"]
[Result "1/2-1/2"]
[WhiteElo "1672"]
[BlackElo "1750"]
[PlyCount "84"]
[EventDate "2022.05.01"]
[EventType "swiss"]
[EventRounds "9"]
[EventCountry "NED"]
[SourceTitle "EXT 2023"]
[Source "ChessBase"]
[SourceDate "2022.10.05"]
[SourceVersion "1"]
[SourceVersionDate "2022.10.05"]
[SourceQuality "1"]

1. e4 c5 2. Nf3 Nc6 3. Bb5 e6 4. Bxc6 bxc6 5. d3 Ne7 6. h4 d6 7. h5 e5 8. Nbd2 Bg4 9. Nc4 Qd7 10. a3 Ng8 11. b4 cxb4 12. axb4 Qc7 13. Ne3 Be6 14. Ng5 Nf6 15. Nxe6 fxe6 16. Ng4 Be7 17. c4 0-0 18. Nxf6+ Bxf6 19. Be3 a6 20. 0-0 Rfb8 21. Qa4 Qb7 22. Rfb1 Be7 23. Bd2 d5 24. c5 Qb5 25. Qxb5 axb5 26. exd5 exd5 27. f3 Kf7 28. Bc3 Bf6 29. Re1 Re8 30. g4 Bg5 31. Rxa8 Rxa8 32. Rxe5 Bf6 33. Rf5 Ke6 34. Bxf6 gxf6 35. Kf2 Ra1 36. Ke3 h6 37. Kd2 Ra3 38. Kc2 Ra1 39. Kd2 Rb1 40. Rf4 Ke5 41. Rf5+ Ke6 42. Rf4 Ke5 1/2-1/2

[Event "NED-ch U16"]
[Site "Almelo"]
[Date "2022.05.02"]
[Round "2"]
[White "Blom, Rens"]
[Black "Van Egmond, Tom"]
[Result "0-1"]
[WhiteElo "1699"]
[BlackElo "1672"]
[PlyCount "90"]
[EventDate "2022.05.01"]
[EventType "swiss"]
[EventRounds "9"]
[EventCountry "NED"]
[SourceTitle "EXT 2023"]
[Source "ChessBase"]
[SourceDate "2022.10.05"]
[SourceVersion "1"]
[SourceVersionDate "2022.10.05"]
[SourceQuality "1"]

1. c4 e5 2. Nc3 Nf6 3. Nf3 Nc6 4. e4 Bb4 5. d3 d6 6. g3 Bg4 7. Bg2 Nd4 8. h3 Bxf3 9. Bxf3 Bc5 10. Bg2 c6 11. 0-0 0-0 12. Kh2 Nd7 13. f4 exf4 14. Bxf4 Ne5 15. a3 a5 16. Ne2 Qb6 17. Be3 Nxe2 18. Bxc5 Qxc5 19. Qxe2 Qd4 20. Rad1 Ra6 21. Qf2 c5 22. Qxd4 cxd4 23. Rd2 Rb6 24. Rf5 Rb3 25. c5 g6 26. Rff2 dxc5 27. Bf1 Rd8 28. Rc2 Nxd3 29. Bxd3 Rxd3 30. Rxc5 Re3 31. Rc7 f5 32. exf5 d3 33. Rd2 Re2+ 34. Rxe2 dxe2 35. Re7 Rd2 36. Kg1 gxf5 37. Kf2 Rxb2 38. Rxe2 Rxe2+ 39. Kxe2 b5 40. Kd3 h5 41. h4 Kf7 42. Kd4 Ke6 43. Kc5 b4 44. axb4 axb4 45. Kxb4 Kd5 0-1

[Event "NED-ch U16"]
[Site "Almelo"]
[Date "2022.05.01"]
[Round "1"]
[White "Klaren, Oscar"]
[Black "Van Egmond, Tom"]
[Result "1-0"]
[WhiteElo "1878"]
[BlackElo "1672"]
[PlyCount "89"]
[EventDate "2022.05.01"]
[EventType "swiss"]
[EventRounds "9"]
[EventCountry "NED"]
[SourceTitle "EXT 2023"]
[Source "ChessBase"]
[SourceDate "2022.10.05"]
[SourceVersion "1"]
[SourceVersionDate "2022.10.05"]
[SourceQuality "1"]

1. e4 e5 2. Nf3 Nc6 3. Nc3 Nf6 4. d4 exd4 5. Nxd4 Nxe4 6. Nxe4 Qe7 7. f3 d5 8. Bb5 Bd7 9. Bxc6 bxc6 10. 0-0 dxe4 11. Re1 0-0-0 12. Rxe4 Qb4 13. Nb3 Qb7 14. Qe2 Bd6 15. Be3 Rhe8 16. Rxe8 Rxe8 17. Qf2 Qb5 18. g3 h5 19. a4 Qc4 20. Rd1 Qe6 21. Bc5 Qe2 22. Rd2 Qxf2+ 23. Kxf2 Be6 24. Bxd6 cxd6 25. Rxd6 Bd5 26. Nd4 Kc7 27. Nb5+ cxb5 28. Rxd5 bxa4 29. Ra5 Kb6 30. Rxa4 a5 31. Rd4 Kc6 32. Rf4 Kd6 33. Rc4 g6 34. h4 Re7 35. b3 Re5 36. Rf4 Ke6 37. Rd4 Rc5 38. Re4+ Re5 39. Ke3 Kd6 40. Rxe5 Kxe5 41. c4 f6 42. f4+ Kd6 43. Kd4 Kc6 44. c5 Kb5 45. Kd5 1-0

[Event "NED-ch U12 op"]
[Site "Borne"]
[Date "2019.08.10"]
[Round "13"]
[White "Tangarife Ramirez, Katja"]
[Black "Van Egmond, Tom"]
[Result "1/2-1/2"]
[WhiteElo "1186"]
[BlackElo "1358"]
[PlyCount "94"]
[EventDate "2019.08.05"]
[EventType "swiss"]
[EventRounds "13"]
[EventCountry "NED"]
[SourceTitle "EXT 2020"]
[Source "ChessBase"]
[SourceDate "2019.10.17"]
[SourceVersion "1"]
[SourceVersionDate "2019.10.17"]
[SourceQuality "1"]

1. d4 c5 2. Nf3 Nf6 3. c3 d5 4. e3 a6 5. Bd3 Nc6 6. 0-0 Bg4 7. h3 Bh5 8. Nbd2 e6 9. b3 Be7 10. Bb2 b5 11. a4 c4 12. Bc2 0-0 13. e4 cxb3 14. Bxb3 dxe4 15. Nxe4 Nxe4 16. Qe2 Bxf3 17. Qxf3 Nd2 18. Qxc6 Nxb3 19. Rad1 Na5 20. Qe4 Nc4 21. Bc1 bxa4 22. d5 Nd6 23. Qxa4 e5 24. Qg4 Bf6 25. c4 Qc8 26. Ba3 Rd8 27. c5 Nb5 28. Bb4 a5 29. Qc4 Nd6 30. Qb3 axb4 31. cxd6 Rxd6 32. Qxb4 Qd8 33. Qb7 Raa6 34. Rc1 Rdb6 35. Qc8 Ra8 36. Qf5 g6 37. Qf3 Rc8 38. Qe3 Rxc1 39. Rxc1 Rd6 40. Qf3 Rxd5 41. Qg4 Rd7 42. Kh2 e4 43. Qxe4 Re7 44. Qg4 Qd4 45. Qf3 Qe5+ 46. g3 Qe2 47. Qxf6 Re8 1/2-1/2

[Event "NED-ch U12 op"]
[Site "Borne"]
[Date "2019.08.09"]
[Round "9"]
[White "Pick, Max"]
[Black "Van Egmond, Tom"]
[Result "1/2-1/2"]
[WhiteElo "1515"]
[BlackElo "1358"]
[PlyCount "115"]
[EventDate "2019.08.05"]
[EventType "swiss"]
[EventRounds "13"]
[EventCountry "NED"]
[SourceTitle "EXT 2020"]
[Source "ChessBase"]
[SourceDate "2019.10.17"]
[SourceVersion "1"]
[SourceVersionDate "2019.10.17"]
[SourceQuality "1"]

1. d4 c5 2. d5 g6 3. c4 Bg7 4. Nc3 f5 5. Nf3 Nf6 6. Bg5 0-0 7. Qc1 Re8 8. Bh6 e5 9. Bxg7 Kxg7 10. e4 d6 11. Bd3 f4 12. g3 Nh5 13. 0-0 Rf8 14. Kg2 Qd7 15. Ng5 Qg4 16. h4 Nxg3 17. fxg3 Qxg3+ 18. Kh1 Qxh4+ 19. Kg2 Qxg5+ 20. Kf2 Qg3+ 21. Ke2 Bg4+ 22. Kd2 Qe3+ 23. Kc2 Qxc1+ 24. Raxc1 h5 25. Nb5 Na6 26. Nxd6 Rf6 27. Nxb7 Rb8 28. Na5 Nb4+ 29. Kd2 Nxd3 30. Kxd3 Rxb2 31. Kc3 Rfb6 32. Nc6 Kf6 33. Nxa7 Rxa2 34. Ra1 Rba6 35. Rxa2 Rxa2 36. Nc6 Re2 37. Nd8 Rxe4 38. Nb7 Be2 39. Ra1 Rxc4+ 40. Kd2 Bf3 41. Ra6+ Kg5 42. Ra5 Bxd5 43. Nxc5 Rxc5 44. Rxc5 Bg2 45. Rxe5+ Kg4 46. Ke1 h4 47. Kf2 h3 48. Re6 g5 49. Rh6 f3 50. Rh8 Kf5 51. Kg3 Ke4 52. Re8+ Kd3 53. Rg8 Ke2 54. Rxg5 Kf1 55. Kh2 f2 56. Re5 Bf3 57. Kxh3 Be2 58. Rf5 1/2-1/2